000
00267nam a2200109Ia 4500
008
220204s9999 xx 000 0 und d
082
_a
065
_b
NET
100
_a
Lanore
245
0
_a
Strategies for instructional management
260
_a
London
_b
Allyn
_c
1979
942
_c
BK
999
_c
34456
_d
34456